Dos mujeres bajo la leyenda del veneno : (Record no. 74737)

MARC details
000 -LEADER
campo de control de longitud fija 00758nam a2200217 i 4500
001 - NÚMERO DE CONTROL
campo de control 74737
003 - IDENTIFICADOR DE NÚMERO DE CONTROL
campo de control ES-MaACL
005 - FECHA Y HORA DE LA ÚLTIMA TRANSACCIÓN
campo de control 20250627063635.0
007 - CAMPO FIJO DE DESCRIPCIÓN FÍSICA--INFORMACIÓN GENERAL
campo de control de longitud fija t|
008 - DATOS DE LONGITUD FIJA--INFORMACIÓN GENERAL
campo de control de longitud fija 040920s1944 sp ||||1| spa d
100 1# - ENTRADA PRINCIPAL--NOMBRE DE PERSONA
Nombre de persona González Ruiz, Nicolás,
Fechas asociadas al nombre 1897-1967
9 (RLIN) 58946
245 10 - MENCIÓN DEL TÍTULO
Título Dos mujeres bajo la leyenda del veneno :
Resto del título Catalina de Médicis, Lucrecia Borgia /
Mención de responsabilidad, etc. por Nicolás González Ruiz.
260 ## - PUBLICACIÓN, DISTRIBUCIÓN, ETC.
Lugar de publicación, distribución, etc. Barcelona :
Nombre del editor, distribuidor, etc. Cervantes,
Fecha de publicación, distribución, etc. 1944 (
Fabricante Clarasó)
300 ## - DESCRIPCIÓN FÍSICA
Extensión 153 p. ;
Dimensiones 19 cm.
490 1# - MENCIÓN DE SERIE
Mención de serie Vidas paralelas ;
Designación de volumen o secuencia 4
600 04 - PUNTO DE ACCESO ADICIONAL DE MATERIA--NOMBRE DE PERSONA
Nombre de persona Catalina
Títulos y otros términos asociados al nombre Reina consorte de Enrique II, Rey de Francia.
9 (RLIN) 37039
600 14 - PUNTO DE ACCESO ADICIONAL DE MATERIA--NOMBRE DE PERSONA
Nombre de persona Borgia, Lucrezia.
9 (RLIN) 30479
830 1# - PUNTO DE ACCESO ADICIONAL DE SERIE-TÍTULO UNIFORME
Título uniforme Vidas paralelas ;
Designación de volumen o secuencia 4
9 (RLIN) 183460
852 4# - LOCALIZACIÓN
Ubicación ES-MaACL
Número de control de estantería F-16344
Holdings
Estatus retirado Estado de pérdida Estado de daño No para préstamo Biblioteca de origen Biblioteca actual Ubicación en estantería Fecha de adquisición Fuente de adquisición Total de préstamos Signatura topográfica completa Código de barras Visto por última vez Precio de reemplazo Tipo de ítem Koha
        Biblioteca del Ateneo de Madrid Biblioteca del Ateneo de Madrid Sala Pecera Planta 2 17/01/2008     F-16344 1078233 23/02/2023 23/02/2023 Libro impreso